000 00655nam a2200241 i 4500
001 C2-0131867
003 PPAK
005 20180727122621.0
008 971019s1994 enka|||| ||||| | eng d
020 _a1856974022
040 _aPPAK
_beng
_cPPAK
_erda
082 0 4 _a428.1
_223
090 0 0 _a428.1
_bBAK
_dK
100 1 _aBaker, Alan,
_eauthor
245 1 0 _aGrey rabbit's add one out
264 1 _aLondon :
_bKingfisher ,
_c1994
300 _a[22 pages] :
_bcolour illustrations ;
_c20 cm
336 _2rdacontent
_atext
337 _2rdamedia
_aunmediated
338 _2rdacarrier
_avolume
650 1 0 _aPicture book for children
942 _ddc
_cB
999 _c41055
_d41055